Easiest Quiz Ever-Are You Smarter than a 1st grader? - Statistics

General Stats
  • This quiz has been taken 1,410 times
  • The average score is 15 of 15
Answer Stats
Questions Answer % Correct
1+1= 2
100%
2+2= 4
100%
What color is the sky blue
100%
What barks? dog
100%
what color is grass green
100%
What meows? cat
99%
What moos? cow
99%
1,2__,4,5 3
98%
Opposite of up? down
98%
Opposite of right? left
98%
January, February, _____ march
98%
What flies? bird
95%
Happy ____ to you? birthday
94%
Knock Knock whos there
94%
Opposite of right? wrong
85%
No matching quizzes found
Score Distribution
Percent of People with Each Score
Percentile by Number Answered
Your Score History
You have not taken this quiz